000 00498nam a22001697a 4500
005 20251108171236.0
008 250721s1987 xx 000 0 ara d
082 1 4 _a211/محم
100 1 _aشعراوي، محمد متولي
245 1 0 _aالقرآن الكريم :
_bمعجزة و منهج /
264 1 _aبيروت :
_bدار الندوة الجديدة،
_c1987.
300 _a615ص.
650 1 7 _aالقرآن الكريم
650 1 7 _aعلوم
942 _2ddc
_cBK
999 _c60231
_d60231